000 01279cam a2200373 a 4500
001 17173591
003 Nust- CAS-E
005 20241205102811.0
008 120218s2010 enka b 001 0 eng
010 _a 2011534445
015 _aGBB061215
_2bnb
016 7 _a015551608
_2Uk
020 _a9781849730808
020 _a1849730806
040 _aDLC
_beng
_cDLC
_dDLC
042 _apcc
050 0 0 _aTP355
_b.K54 2010
082 0 4 _a662.6623
_222
_bKLE 2010
100 1 _aArno de Klerk and Edward Furimsky
_9127011
245 1 0 _aCatalysis in the refining of Fischer-Tropsch syncrude /
_cArno de Klerk, Edward Furimsky.
260 _aCambridge :
_bRSC Publishing,
_cc2010.
300 _axiv, 279 p. :
_bill. ;
_c24 cm.
490 0 _aRSC catalysis series,
_x1757-6725 ;
_vno. 4
504 _aIncludes bibliographical references and index.
650 0 _aFischer-Tropsch process.
_9127012
650 0 _aCatalysis.
_9746
650 0 _aSynthetic fuels
_xRefining.
_9127013
650 0 _aPetroleum, Synthetic.
_9127014
700 1 _aFurimsky, Edward.
_9127015
710 2 _aRoyal Society of Chemistry (Great Britain)
_9443
906 _a7
_bcbc
_corigres
_d2
_encip
_f20
_gy-gencatlg
942 _2ddc
_cBK
999 _c355397
_d355397